00978nas a2200229Ia 4500001001100000003000900011008004100020040001300061040001300074041001300087100004600100210001700146222001700163245010600180250001100286260003100297501008600328300001700414362004400431500023700475650003600712R010/67442IT-RoPAU151124c99999999xx |||||||||||| ||und|| aIT-RoPAU cIT-RoPAU aITALIANO aMoravia AlbertogCodice Aut. SPICS: 3587 aCINEMA NUOVO aCinema Nuovo aCINEMA NUOVO, ANNO 08-N.137 (GENNAIO-FEBBRAIO 1959)bVendetta (La)-Soggetto Originale E Presentazione a1a ed. aMILANObCINEMA NUOVOc1959 bPaulus - SPICS - Società San Paolo EM (non-commercial uses only)cCopyright2015 a8 p. [77-84] aANNO 008, N.137 (GENNAIO-FEBBRAIO 1959) aPrima Parte del Soggetto Cinematografico "La Vendetta". Urto tra Due Morali e Due Società Non Tanto Nei Fatti Esterni Quanto nella Stessa Coscienza dell'Uomo tra la Morale Arcaica della Vendetta e una Morale più Umana e Moderna. aCINEMAvPUBBLICAZIONE PERIODICA